Problemas resueltos de mecanica clásica / (Registro nro. 20974)

Detalles MARC
000 -LEADER
fixed length control field 01088nam a2200325 4500
001 - CONTROL NUMBER
control field 0000019234
003 - CONTROL NUMBER IDENTIFIER
control field CO-CtgCURN
005 - DATE AND TIME OF LATEST TRANSACTION
control field 20250331184735.0
007 - PHYSICAL DESCRIPTION FIXED FIELD--GENERAL INFORMATION
fixed length control field ta
008 - FIXED-LENGTH DATA ELEMENTS--GENERAL INFORMATION
fixed length control field 160627s1999 000 0 eng d
020 ## - INTERNATIONAL STANDARD BOOK NUMBER
International Standard Book Number 9701504267
040 ## - CATALOGING SOURCE
Original cataloging agency CO-CtgCURN
Language of cataloging spa
Transcribing agency coctgcurn
082 0# - DEWEY DECIMAL CLASSIFICATION NUMBER
Classification number 531
Item number B35p
100 1# - MAIN ENTRY--PERSONAL NAME
Personal name Benguria D., Rafael.
245 10 - TITLE STATEMENT
Title Problemas resueltos de mecanica clásica /
Statement of responsibility, etc. Rafael Benguria D. , María Cristina Depassier T.
250 ## - EDITION STATEMENT
Edition statement 2a ed.
260 ## - PUBLICATION, DISTRIBUTION, ETC.
Place of publication, distribution, etc. Mexico :
Name of publisher, distributor, etc. Alfaomega,
Date of publication, distribution, etc. 1999.
300 ## - PHYSICAL DESCRIPTION
Extent 177 p.
336 ## - CONTENT TYPE
Source rdacontent
337 ## - MEDIA TYPE
Source rdamedia
Media type term sin mediacion
Media type code n
338 ## - CARRIER TYPE
Source rdacarrier
Carrier type term volumen
Carrier type code nc
490 1# - SERIES STATEMENT
Series statement Alfaomega ;
Volume/sequential designation 426
505 8# - FORMATTED CONTENTS NOTE
Formatted contents note Cinematica.--Dinamica.--Energia y trabajo.--Conservacion de momentum y colisiones.--Gravedad.--Dinamica de solido rigido.--Oscilaciones
650 14 - SUBJECT ADDED ENTRY--TOPICAL TERM
Topical term or geographic name entry element Mecanica
Form subdivision Problemas, ejercicios, etc.
650 14 - SUBJECT ADDED ENTRY--TOPICAL TERM
Topical term or geographic name entry element Mecanica.
700 1# - ADDED ENTRY--PERSONAL NAME
Personal name Depassier, María Cristina.
908 ## - PUT COMMAND PARAMETER (RLIN)
Put command parameter 160627
942 ## - ADDED ENTRY ELEMENTS (KOHA)
Koha item type Libros
Classification part 531
Item part B35p
Source of classification or shelving scheme Dewey Decimal Classification
Existencias
Withdrawn status Lost status Source of classification or shelving scheme Damaged status Not for loan Collection Home library Current library Shelving location Date acquired Inventory number Total checkouts Full call number Barcode Date last seen Price effective from Koha item type Public note
    Dewey Decimal Classification     General Miguel Henríquez Castañeda Miguel Henríquez Castañeda General 03/31/2025 007487   531 B35p 007487 03/31/2025 03/31/2025 Libros 530-FISICA